000 00334nam a22001457a 4500
003 OSt
005 20211227152400.0
008 211227b |||||||| |||| 00| 0 eng d
020 _a0716782332
040 _cHU
082 _a004
100 _aAho V. Alfred
_925519
245 _aFoundations of COMPUTER Science
942 _2ddc
_cBOOKS
_n0
999 _c24423
_d24423